logo

Bir Sreshtho Munshi Abdur Rouf Library
Jhenaidah Cadet College

A New Economic Geography Of Bangladesh / (Record no. 5245)

MARC details
000 -LEADER
fixed length control field 00582nam a2200217 a 4500
001 - CONTROL NUMBER
JCCL Control Number 5245
003 - CONTROL NUMBER IDENTIFIER
JCCL marc code BD-JhCC
005 - DATE AND TIME OF LATEST TRANSACTION
control field 20171211165132.0
008 - FIXED-LENGTH DATA ELEMENTS--GENERAL INFORMATION
fixed length control field 171211s1975 bg |||| ||a| 000 0 eng d
035 ## - SYSTEM CONTROL NUMBER
system control number (BD-JhCC)5245
040 ## - CATALOGING SOURCE
Original cataloging agency BD-JhCC
Modifying agency BD-JhCC
041 ## - LANGUAGE CODE
Language code of Book eng
082 ## - DEWEY DECIMAL CLASSIFICATION NUMBER
Classification number 330.95414
Author mark and Year AHM 1975
100 ## - MAIN ENTRY--PERSONAL NAME
Personal name Ahmad, Nafis
245 ## - TITLE STATEMENT
Title A New Economic Geography Of Bangladesh /
Statement of responsibility, etc Nafis Ahmad
260 ## - PUBLICATION, DISTRIBUTION, ETC. (IMPRINT)
Place of publication, distribution, etc New Delhi :
Name of publisher, distributor, etc Vikas Publishing House Pvt Ltd,
Date of publication, distribution, etc 1975.
300 ## - PHYSICAL DESCRIPTION
Pagination 247 p. :
Dimensions 21 cm.
650 ## - SUBJECT ADDED ENTRY--TOPICAL TERM
Topical term or geographic name as entry element Economic History
Geographic subdivision Bangladesh
942 ## - ADDED ENTRY ELEMENTS (KOHA)
Source of classification or shelving scheme Dewey Decimal Classification
Koha item type Books
Holdings
Source of classification or shelving scheme Damaged status Not for loan Home library Current library Shelving location Date of accession Total Checkouts Full call number Barcode Date last seen Copy number Koha item type
Dewey Decimal Classification     JCC Rouf Library JCC Rouf Library General Stacks 12/11/2017   330.95414 AHM 1975 7172 12/11/2017 C- 1 Books

JCC Library | Contacts | JCC Home

Last Update on 23 September 2017
Copyright @ 2017-2020 JCC Rouf Library
Rouf Library, Jhenidah Cadet College (JCC), Bangladesh